Panamá: El derecho humano a la vivienda
Gespeichert in:
| Format: | Text |
|---|---|
| Tags: |
Tag hinzufügen
Keine Tags, Fügen Sie den ersten Tag hinzu!
|
MARC
| LEADER | 00000 a a2200000 04500 | ||
|---|---|---|---|
| 001 | 17723 | ||
| 003 | |||
| 040 | |||
| 245 | |a Panamá: |b El derecho humano a la vivienda | ||
| 773 | |g volumen 19, número 209; páginas 16 | ||
| 999 | |c 30397 |d 30397 | ||
